The Monumental Brasses of England: a series of engraving upon wood, from every variety of these interesting and valuable memorials, accompanied with brief descriptive notices

Saved in:
Bibliografiske detaljer
Hovedforfatter: Boutell, Charles
Format: Bog
Sprog:engelsk
Udgivet: London, England, United Kingdom George Bell 1849
Fag:
Tags: Tilføj Tag
Ingen Tags, Vær først til at tagge denne postø!

MARC

LEADER 00000nam a2200000 a 4500
001 UCJ7247
003 CL-VaPUC
005 20240611105640.0
008 070124e18490000UK |||||||||||||||||eng|d
999 |c 323343  |d 323341 
040 |c Pontificia Universidad Católica de Valparaíso 
082 0 4 |a 735 BOU 1849  |2 21 
100 0 |a Boutell, Charles  |9 515489 
245 1 4 |a The Monumental Brasses of England: a series of engraving upon wood, from every variety of these interesting and valuable memorials, accompanied with brief descriptive notices 
260 0 3 |a London, England, United Kingdom  |b George Bell  |c 1849 
300 |a 98 páginas 
500 |a By The Rev. Charles Boutell, M. A. The engraving drawn and executed by Mr R. B. Utting 
500 |a Acompaña una hojilla con notas manuscritas de Don Eduardo.- Ilustraciones conforme a lo señalado en índice 
583 |a last modification  |c 20070124 00:00:00  |k Rodrigo Vera 
600 0 7 |a BUDGE BARNARD, EDUARDO B  |2 CL-VaPUC  |9 505135 
650 0 |a Arqueología   |9 265619 
650 0 |a Monumentos  |9 265246 
650 0 |a Arquitectura religiosa  |9 266677 
651 0 |a Inglaterra  |9 255158 
942 |c BK  |2 ddc 
945 |d 20070124 00:00:00  |a rinostro 
952 |0 0  |1 0  |2 ddc  |4 0  |6 735_000000000000000_BOU_1849  |7 0  |8 X  |9 402849  |a FDOBUD  |b FDOBUD  |d 2019-11-22  |i 1060422  |o 735 BOU 1849  |p 1060422  |r 2019-11-22  |t 1  |w 2019-11-22  |y BK_X  |k BUD